Cuentos de amor de locura y de muerte / (Registro nro. 38579)
[ vista simple ]
| 000 -CABECERA | |
|---|---|
| campo de control de longitud fija | 00614nam a2200193 a 4500 |
| 001 - NÚMERO DE CONTROL | |
| campo de control | 000039089 |
| 005 - FECHA Y HORA DE LA ÚLTIMA TRANSACCIÓN | |
| campo de control | 20201002031506.0 |
| 008 - DATOS DE LONGITUD FIJA--INFORMACIÓN GENERAL | |
| campo de control de longitud fija | 111105s2011 sp a 000 0 spa d |
| 020 ## - NÚMERO INTERNACIONAL ESTÁNDAR DEL LIBRO | |
| Número Internacional Estándar del Libro | 9789583006418 |
| 040 ## - FUENTE DE LA CATALOGACIÓN | |
| Centro catalogador/agencia de origen | DO-SdBNP |
| Lengua de catalogación | spa |
| Centro/agencia transcriptor | BNPHU |
| 082 ## - NÚMERO DE LA CLASIFICACIÓN DECIMAL DEWEY | |
| Número de clasificación | xxx |
| Número de documento/Ítem | Q8c, 2011 |
| 100 1# - ENTRADA PRINCIPAL--NOMBRE DE PERSONA | |
| Nombre de persona | Quiroga, Horacio, |
| Fechas asociadas al nombre | 1878-1937. |
| 9 (RLIN) | 5062 |
| 245 10 - MENCIÓN DE TÍTULO | |
| Título | Cuentos de amor de locura y de muerte / |
| Mención de responsabilidad, etc. | Horacio Quiroga; ilustraciones Eric Nieto. |
| 250 ## - MENCIÓN DE EDICIÓN | |
| Mención de edición | 9a. ed. |
| 260 ## - PUBLICACIÓN, DISTRIBUCIÓN, ETC. | |
| Lugar de publicación, distribución, etc. | Navalcamero : |
| Nombre del editor, distribuidor, etc. | Ediciones Mestas, |
| Fecha de publicación, distribución, etc. | 2011. |
| 300 ## - DESCRIPCIÓN FÍSICA | |
| Extensión | 156 p. : |
| Otras características físicas | il. ; |
| Dimensiones | 21 cm. |
| 490 1# - MENCIÓN DE SERIE | |
| Mención de serie | Clássicos universales |
| 830 #0 - PUNTO DE ACCESO ADICIONAL DE SERIE-TÍTULO UNIFORME | |
| Título uniforme | Clássicos universales |
| 9 (RLIN) | 65304 |
| Estado de retiro | Estado de pérdida | Restricciones de uso | No para préstamo | Código de colección | Localización permanente | Ubicación/localización actual | Ubicación en estantería | Fecha de adquisición | Número de inventario | Total de préstamos | Signatura topográfica completa | Código de barras | Fecha visto por última vez | Precio válido a partir de | Tipo de ítem Koha |
|---|---|---|---|---|---|---|---|---|---|---|---|---|---|---|---|
| Excluido de préstamo | Monografías: Libros y Folletos | General | General | En catalogación | 20.05.2013 | LF1 | xxx Q8c, 2011 | 39089-10 | 25.06.2020 | 25.06.2020 | No se presta |
